书目信息 |
| 题名: |
现代神经生物学
|
|
| 作者: | 万选才 杨天祝 徐承焘 | |
| 分册: | ||
| 出版信息: | 北京 北京医科大学 中国协和医科大学 1999 |
|
| 页数: | 660 | |
| 开本: | 26cm | |
| 丛书名: | 现代生物医学丛书 | |
| 单 册: | ||
| 中图分类: | Q42 | |
| 科图分类: | ||
| 主题词: | 神经生理学 | |
| 电子资源: | ||
| ISBN: | 7-81034-889-2 | |
| 000 | 00678nam0 2200205 450 | |
| 001 | 0741144344 | |
| 005 | 20070817112544.34 | |
| 010 | @a7-81034-889-2@b精装@d¥88.00 | |
| 100 | @a20070817d km y0chiy0120 ea | |
| 101 | 0 | @achi |
| 200 | 1 | @a现代神经生物学@Axian dai shen jing sheng wu xue@f万选才 杨天祝 徐承焘@Fwan xuan cai yang tian zhu xu cheng tao |
| 210 | @a北京@c北京医科大学 中国协和医科大学@d1999 | |
| 215 | @a660@d26cm | |
| 225 | 2 | @a现代生物医学丛书 |
| 410 | 0 | @12001 @a现代生物医学丛书 |
| 606 | 0 | @a神经生理学 |
| 690 | @aQ42@v3 | |
| 701 | 0 | @a万选才 杨天祝 徐承焘@Awan xuan cai yang tian zhu xu cheng tao |
| 801 | 0 | @aCN@bPFT@c20070817 |
| 905 | @a213230@dQ42@en2@f1 | |
| 现代神经生物学/万选才 杨天祝 徐承焘.-北京:北京医科大学 中国协和医科大学,1999 |
| 660;26cm.-(现代生物医学丛书) |
| ISBN 7-81034-889-2(精装):¥88.00 |
| ● |
| 相关链接 |
|
|
|
|
正题名:现代神经生物学
索取号:Q42/n2
 
预约/预借
| 序号 | 登录号 | 条形码 | 馆藏地/架位号 | 状态 | 备注 |
| 1 | 6600157 | 266001578 | 密集书库-生命科学系/ [索取号:Q42/n2] | 在馆 |